000 005790000a22001810004500
090 _aAR
_b02694
245 1 0 _aTrichomanes resinosum (<Hymenophyllaceae>), a new species from southern Venezuela and adjacent Guyana
650 1 4 _aBotánica
_9361
650 1 4 _aTaxonomía vegtal
_996181
650 1 4 _aNuevas especies
_992905
650 1 4 _aMorfología vegetal
_918295
651 4 _pVenezuela
_992749
653 _gTrichomanes
_eTrichomanes resinosum
041 0 _aInglés
100 1 _aMoran, Robbin C.
_922077
942 _cARTICULO
773 1 _tBrittonia
_3120
_h3
_q238-240
_d2000
_g52
999 _c11756
_d11756